| 000 | 00550nam a2200193Ia 4500 | ||
|---|---|---|---|
| 003 | GCL | ||
| 008 | 140319s9999 xx 000 0 eng d | ||
| 040 |
_aGCL / _cGCL |
||
| 082 | 0 | 4 |
_aCC _b709.0349 _bK M |
| 100 | 1 | _aKARNOUK, LILIANE | |
| 245 | 1 | 0 |
_aMODERN EGYPTIAN ART: THE EMERGENCE OF A NATIONAL STYLE / _cKARNOUK, LILIANE |
| 260 |
_a[S.N] : _bTHE AMERICAN UNIVERSITY IN CAIRO PRESS ، _c1988 |
||
| 300 | _a89 P | ||
| 650 | 0 | 4 | _aART- EGYPT |
| 650 | 0 | 4 | _aARCHITECTURE |
| 650 | 0 | 4 | _aPAINTING |
| 650 | 0 | 4 | _aPAINTING - TECHNIQUE |
| 942 |
_2ddc _cBK |
||
| 999 |
_c12580 _d12580 |
||